000 02392cam a22004098i 4500
999 _c16592
_d16592
001 21550960
003 OSt
005 20220301153953.0
008 200603s2021 nju b 000 0 eng
010 _a 2020025354
020 _a9781119619277
_q(paperback)
020 _z9781119619291
_q(adobe pdf)
020 _z9781119619307
_q(epub)
040 _aDLC
_beng
_erda
_cDLC
042 _apcc
050 0 0 _aPE535
_b.B87 2021
082 0 0 _a2021
_2DC 427.02
_bT869
100 1 _aTurville-Petre, Thorlac,
_eauthor.
_944189
245 1 2 _aA book of Middle English/
_cThorlac Turville-Petre, J. A. Burrow, authors
250 _aFourth edition.
263 _a2011
264 1 _aHoboken, NJ :
_bWiley-Blackwell,
_c©2021.
300 _avii, 444 pages;
_c23 cm.
336 _atext
_btxt
_2rdacontent
337 _aunmediated
_bn
_2rdamedia
338 _avolume
_bnc
_2rdacarrier
500 _aIncludes glossary.
520 _a"The fourth edition of this essential Middle English textbook introduces students to the wide range of literature written in England between 1150 and 1400. Beginning with an extensive overview of middle English history, grammar, syntax, and pronunciation, the book goes on to examine key middle English texts -- including a new extract from Julian of Norwich's Revelation of Divine Love - with helpful notes to direct students to key points within the text. Keeping in mind adopter feedback, this new edition includes a new model translation section with a student workbook and model exercise for classroom use. This new chapter will include sections on 'false friend' words, untranslatable idioms and notes on translating both poetry and prose. The text and references will be fully updated throughout and a foreword dedicated to the late J. A. Burrow will be included."--
_cProvided by publisher.
650 0 _aEnglish language
_yMiddle English, 1100-1500
_xGrammar.
_944190
650 0 _aEnglish language
_yMiddle English, 1100-1500
_vReaders.
_944191
650 0 _aEnglish literature
_yMiddle English, 1100-1500.
_944192
700 1 _aBurrow, J.A.,
_eauthor.
_944193
776 0 8 _iOnline version:
_aBurrow, J. A.,
_tA book of middle english
_bFourth edition.
_dHoboken : Wiley, 2020.
_z9781119619291
_w(DLC) 2020025355
906 _a7
_bcbc
_corignew
_d1
_eecip
_f20
_gy-gencatlg
942 _2ddc
_cDC